Probability on branch spaces (Record no. 31400)

MARC details
000 -LEADER
fixed length control field 00279nam a2200109Ia 4500
082 ## - DEWEY DECIMAL CLASSIFICATION NUMBER
Classification number 519.218.2
Item number KUE
245 #0 - TITLE STATEMENT
Title Probability on branch spaces
260 ## - PUBLICATION, DISTRIBUTION, ETC. (IMPRINT)
Place of publication New York
Name of publisher Marcel Dekker
Year of publication 1978
700 ## - ADDED ENTRY--PERSONAL NAME
Personal name KUELBS, James
942 ## - ADDED ENTRY ELEMENTS (KOHA)
Koha item type Books
Holdings
Withdrawn status Lost status Damaged status Not for loan Home library Current library Date acquired Full call number Accession Number Koha item type
        RRII Library RRII Library 16/12/2021 519.218.2 KUE 11945 Books